Statistiken für Top 15 der betroffenen Covid-19-Länder - 2. Juli

Klicken Sie hier um das Quiz zu spielen!

Allgemein

  • Dieses Quiz wurde 10 mal gespielt
  • Das Durchschnittsergebnis liegt bei 15 aus 25

Antwortstatistiken

Land% Korrekt
Vereinigte Staaten
100%
Brasilien
90%
Deutschland
90%
Indien
90%
Italien
90%
Russland
90%
Spanien
80%
Chile
70%
Chile
70%
Iran
70%
Peru
70%
Türkei
70%
Vereinigtes Königreich
70%
Mexiko
60%
Saudi-Arabien
60%
Schweden
60%
Bahrain
50%
Pakistan
50%
Katar
40%
Kuwait
40%
Singapur
30%
Weißrussland
30%
Armenien
20%
Oman
20%
Panama
20%

Verteilung der Resultate

Perzentil nach korrekt beantworteten Fragen

Anzahl Personen mit jedem Resultat

Ihre Resultats-Entwicklung

Sie haben dieses Quiz noch nicht gespielt